[Event "Moscow Tal Memorial 4th"]
[Site "Moscow"]
[Date "2009.11.13"]
[Round "8"]
[White "Carlsen, Magnus"]
[Black "Ponomariov, Ruslan"]
[Result "1-0"]
[WhiteElo "2801"]
[BlackElo "2739"]
[Annotator "Ftacnik,Lubomir"]
[PlyCount "61"]
[EventDate "2009.11.05"]
[EventType "tourn"]
[EventRounds "9"]
[EventCountry "RUS"]
[EventCategory "21"]
[SourceTitle "CBM 133"]
[Source "ChessBase"]
[SourceDate "2009.11.19"]
[SourceVersion "1"]
[SourceVersionDate "2009.11.19"]
[SourceQuality "1"]

1. e4 {ChessBase II} c5 2. Nf3 d6 3. d4 cxd4 4. Nxd4 Nf6 5. Nc3 a6 6. Be3 e6 7. f3 b5 ({RR} 7... Nc6 8. Qd2 Bd7 ({RR} 8... Qc7 9. O-O-O Be7 10. g4 b5 11. Nxc6 Qxc6 12. Ne2 Bb7 13. Nd4 ({RR} 13. h4 O-O 14. g5 Nd7 15. Nd4 Qc7 16. g6)) ({RR} 8... h5 9. O-O-O Bd7 10. Kb1 Qc7 11. Nxc6 Bxc6 12. Ne2 d5 13. e5 Nd7 14. f4 g5 15. f5) 9. g4) 8. Qd2 ({RR} 8. g4 Nfd7 ({RR} 8... Nbd7 9. g5 Nh5 10. Qd2 ({RR} 10. f4) 10... Ne5 11. f4 Ng4 12. Bg1 e5 13. Nd5 Nxf4 ({RR} 13... exd4 14. Bxd4) 14. Nxb5) ({RR} 8... h6) ({RR} 8... Bb7 9. Qd2 Nfd7 10. O-O-O Nb6 11. Nb3 N8d7 ({RR} 11... Nc6 12. Qf2) 12. Na5 Qc7 13. h4 Ne5 14. g5 ({RR} 14. Qf2 Nbc4) 14... Rb8)) 8... Nbd7 9. g4 h6 ({RR} 9... Nb6 10. a4) 10. O-O-O Ne5 $5 {The knight move is equally revolutionary as Topalov's pet idea of 10...b5-b4. Black is moving the knight, that is already developed and prepares real counterplay.} ({RR} 10... b4 11. Na4 Ne5 12. b3 Bd7 13. Nb2 d5 14. Bf4 Qc7 15. Nd3 Nxd3+ 16. Bxd3 Qb6 17. Ne2 dxe4 18. Bxe4 Rd8 19. Be3 Bc5 20. Bxc5 Qxc5 21. Qd4 Rc8 22. Ng3 Ke7 23. Rhe1 Qxd4 24. Rxd4 a5 25. Bd3 {Leko,P (2755)-Ivanchuk,V (2787) Mukachevo 2007 0-1 (48)}) ({RR} 10... b4 11. Nce2 d5 12. exd5 Nxd5 13. Nf4 N7f6 14. Bc4 Nxe3 15. Qxe3 Bc5 16. Qe5 Bxd4 17. Rxd4 Qb6 18. Nd5 Nxd5 19. Bxd5 f6 20. Qh5+ Ke7 21. Re4 Rb8 22. Qg6 Rg8 23. Rhe1 Qd6 24. Bxe6 Bxe6 25. Qf5) ({RR} 10... Bb7 11. h4 b4 12. Na4 Qa5 13. b3 Nc5 14. a3) 11. Qe1 $146 {White has yet to find an idea, that would put the daring concept of the opponent under pressure. Carlsen comes with a new move, but it's merit might be modest.} (11. g5 hxg5 12. Bxg5 Bb7 13. Rg1 Qa5 14. a3 Rc8 15. Kb1 Rxc3 16. Qxc3 Qxc3 17. bxc3 Rxh2 18. Bf4 Rh5 19. Rg5 Rxg5 20. Bxg5 $11 {0-1 Motylev,A (2651)-Grischuk,A (2704)/Moscow 2004 (34)}) (11. a3 Bb7 12. Kb1 (12. h4 Rc8 13. Rg1 Qa5 (13... g6 14. g5 hxg5 15. hxg5 Nfd7 16. f4 Nc4 17. Bxc4 Rxc4 18. f5 Nc5 19. fxe6 Nxe6 20. Nxe6 fxe6 21. Bd4 $16 {1-0 Bologan,V (2669)-Dobrov,V (2487)/chessassistantclub.com INT 2004 (30)}) 14. g5 hxg5 15. hxg5 Nfd7 16. g6 Nxg6 17. Nxe6 fxe6 18. Rxg6 Kf7 19. Rg3 Nf6 20. Bd3 e5 21. Qf2 Rxc3 22. Bb6 Qa4 23. bxc3 Qxa3+ 24. Kd2 $11 {½-½ Shirov,A (2714)-Guliyev,N (2526)/Port Barcares 2005 (42)}) 12... Rc8 13. Be2 Nfd7 14. f4 Nc4 15. Bxc4 Rxc4 16. Rhe1 Be7 17. Bf2 O-O 18. h4 Nc5 19. g5 h5 20. b3 Rxc3 21. Qxc3 Nxe4 22. Qe3 Qa5 $17 {0-1 Grischuk,A (2719)-Belov,V (2543)/playchess.com INT 2004 (54)}) (11. Bd3 Bb7 ({RR} 11... Bb7 12. Rhe1) 12. Rhe1 (12. a3 d5 13. exd5 Nxd5 14. Nxd5 Bxd5 15. Bf4 Nxf3 16. Nxf3 Bxf3 17. Qe3 Bxh1 18. Be4 Bxe4 19. Rxd8+ Rxd8 20. Qxe4 Rd5 $15 {0-1 Erenburg,S (2585)-Volokitin,A (2662)/Mainz 2006 (74)}) 12... b4 13. Nce2 d5 14. exd5 Nxd5 15. Kb1 Bc5 16. Bg1 Qb6 17. f4 Nxg4 18. Nxe6 fxe6 19. Bg6+ Kd7 20. Bxc5 Qxc5 21. Nd4 Kc8 $17 {0-1 Landa,K (2600)-Najer,E (2653)/Sochi 2006 (29)}) (11. f4 Nexg4 12. Bg1 b4 13. Na4 Nxe4 14. Qe1 d5 15. f5 Bd6 16. fxe6 Bxe6 17. Nb6 Qxb6 18. Nxe6 Qa5 19. Nxg7+ Kf8 $17 {1-0 Azarov,S (2544)-Najer,E (2608)/playchess.com INT 2004 (26)}) ({RR} 11. Bd3 Qc7 12. Rhe1 b4 13. Nce2 Nxd3+ 14. Qxd3 Nd7 15. f4 Nc5 16. Qc4 Bb7 17. Ng3 d5 18. exd5 Bxd5 19. Nxe6 Bxe6 20. Bxc5 Bxc5 21. Rxe6+ fxe6 22. Qxe6+ Be7 23. Nh5 Kf8 24. Qf5+ Bf6 25. g5 hxg5 {Ostojic,P (2385)-Razuvaev,Y (2490) Berlin West 1987 ½-½ (31)}) ({RR} 11. Bd3 b4 12. Nce2 d5 13. exd5 Qxd5 ({RR} 13... Nxd5 14. Nf4 Bb7 15. Rhe1 Qa5) 14. Kb1 Be7 ({RR} 14... Nxd3 15. Qxd3 e5 16. Rhe1 Be7 17. c4 bxc3 18. Nxc3 Qb7 19. Nf5 Bxf5 20. Qxf5 O-O 21. g5 Rab8 22. Re2 g6 23. Qxe5 hxg5 24. Bd4 Qxf3 25. Qxe7) 15. Nf4 Qd7 16. Be2 g5 17. Nh5 ({RR} 17. Nd3 Nc4 18. Qc1 Nd5) 17... Nxh5 18. gxh5 Bb7 19. Rhf1 Bd5 20. b3 ({RR} 20. Nf5 Bxa2+ 21. Kxa2 Qa4+ 22. Kb1 exf5 23. Qd5 Nc6 24. Qd7+) 20... Rd8 21. Bxa6 O-O 22. h4 Ra8 23. Bb5 Qb7 ({RR} 23... Qa7 24. Ba4 Nc6 25. Nxc6 Bxc6 26. Bxc6 Qxa2+ 27. Kc1 Qa1#) 24. hxg5 Nxf3 25. Rxf3 Bxf3 {Terletsky,O (2314)-Guliyev,N (2537) Cappelle la Grande 2020 CBM 195 Extra [ChessBase II] 0-1 (39)}) ({RR} 11. a3 Bb7) ({RR} 11. f4 Nexg4 12. e5 b4 13. exf6 bxc3 14. Qxc3 Nxf6 15. Bg2 Bd7 16. Bxa8 Qxa8 17. Rhg1 Ne4 18. Qa5 g6 19. Ne2 Bg7 20. Bd4 O-O 21. Bxg7 Kxg7 22. Qb4 Rc8 23. Qd4+ Kh7 24. Ng3 Nxg3 25. hxg3 Qc6 {Morozevich,A (2750)-Ponomariov,R (2739) Moscow 2009 1-0 (37)}) ({RR} 11. h4 b4 12. Nb1 d5 13. exd5 Nxd5 14. Bf2 Qc7 15. Bd3 Bc5 16. Be4 Bb7 17. g5 O-O-O 18. Qe1 hxg5 19. hxg5 Rxh1 20. Qxh1 Nc4 21. Qh4 Qf4+ 22. Qxf4 Nxf4 23. Bxb7+ Kxb7 24. c3 e5 25. b3 Nb6 {Kosztolanczi,G (2183)-Barczay,L (2381) Hungary 2005 ½-½}) 11... Qc7 (11... Bb7 12. a3 Qc7 $14) 12. h4 {Careful players would surely consider the modest a3 idea, that complicates Black's counterplay for some time.} (12. a3 Bb7 $14) 12... b4 13. Nce2 (13. Na4 Qb7 14. b3 Bd7 $13) 13... Nc4 (13... d5 14. Bf4 (14. g5 hxg5 15. exd5 Nxd5 16. Bxg5 Bb7 $11) 14... Bb7 15. Kb1 dxe4 16. fxe4 Bd6 17. Rg1 Rd8 $15) 14. Nf4 (14. Bf2 e5 (14... d5 15. exd5 Nxd5 16. Ng3 $14) 15. Nf5 Bxf5 16. gxf5 a5 $13) 14... Nxe3 (14... e5 15. Nd5 Nxd5 16. exd5 exd4 17. Bxd4+ Be7 18. Bxg7 Rg8 19. Bxh6 $14) 15. Qxe3 Qb6 {Ponomariov has an ambition of his own and the queen moves hopes to complicate opponent's life with pressure along the dark squares.} (15... Bd7 16. Be2 e5 17. Nd5 Nxd5 18. exd5 Be7 19. Nf5 Bxf5 20. gxf5 Bf6 $11) (15... Be7 16. Nd3 a5 17. Bh3 Nd7 18. g5 $14) 16. Bc4 $1 Qc5 $2 {Your humble annotator is amazed by the level of neglect both players will display when dealing with hidden issue of time. Black is repeatedly playing with the queen in a situation, when his general development could use some attention.} (16... e5 17. Bxf7+ Kxf7 18. Qb3+ Ke8 19. Ng6 exd4 (19... Rh7 20. Ne6 Be7 21. g5 $18) 20. Nxh8 Ra7 21. Ng6 $16) (16... Be7 17. g5 $18) (16... Nd7 $1 17. Qe2 (17. Nfxe6 fxe6 18. Bxe6 Bb7 19. Qb3 O-O-O $13) 17... Ne5 18. Bb3 Bd7 $14) 17. Qb3 $1 d5 (17... Ra7 18. Bxe6 fxe6 19. Nfxe6 Bxe6 20. Nxe6 Qb5 21. Nf4 $16) 18. exd5 Bd6 19. Nfxe6 $1 {[%mdl 128] In higher sense an obvious move. Carlsen has to use his initiative and the sacrifice of a piece for three pawns destroys the e6 stronghold in Scheveningen/Najdorf Sicilian. What is more it creates a dangerous intruder of his own on the same most critical square!} (19. Ndxe6 fxe6 20. Nd3 Qa5 21. dxe6 Bb7 $13) 19... fxe6 20. dxe6 Be7 (20... Kf8 21. Nf5 Be7 22. Nxe7 Qxe7 23. g5 Nh5 24. Qe3 $18) 21. Qd3 (21. Nf5 O-O (21... Bb7 22. Nxg7+ Kf8 23. Nf5 $18) 22. Nxe7+ Qxe7 23. g5 Ne8 24. gxh6 Kh8 $16) 21... O-O 22. Bb3 $2 {The next moves by both players are strange crimes against the logic of attack and defence. White's advantage is based partly on the fact, that Black is badly behind in mobilizing his pieces. Peaceful retreat of the bishop throws away the lion share of the winning advantage!} (22. g5 $1 Nh5 (22... hxg5 23. hxg5 Qxg5+ 24. Kb1 Nh5 25. Nc6 $18) 23. gxh6 Nf4 24. Qe4 Qxc4 25. hxg7 Rd8 26. Qxf4 Bxe6 27. Qh6 Qxa2 28. Qh8+ Kf7 29. Qh7 Kf6 30. g8=N+ Rxg8 31. Rhe1 $18) 22... Rd8 $2 {Ponomariov was probably programmed to be beaten badly on the given day. An independent chess mind would otherwise surely concentrate on a developing move with the bishop, that would more or less complete the development and nearly equalize the chances.} (22... Bb7 $1 23. g5 (23. Nf5 Rad8 24. Qe2 (24. Qxd8 $2 Rxd8 25. Rxd8+ Kh7 26. Nxe7 Bxf3 $17) 24... Kh7 $11) 23... Nh5 24. gxh6 Nf4 25. Qe3 gxh6 26. Rhg1+ Kh8 27. Rg4 Qc7 $11) 23. g5 $1 Nh7 (23... hxg5 24. Qg6 g4 25. Nf5 Rxd1+ 26. Rxd1 Bf8 27. e7+ Kh8 28. exf8=Q+ Qxf8 29. Rd8 $18) (23... Kh8 24. gxf6 Bxf6 25. Qf5 Qb6 26. Bd5 $18) 24. gxh6 Qh5 (24... Qxd4 25. Qxd4 Rxd4 26. Rxd4 gxh6 27. Rg1+ Kf8 28. Rf4+ $18) (24... gxh6 25. Rhg1+ Kh8 26. Qg6 Qe5 27. Nf5 Rxd1+ 28. Kxd1 Bb7 29. Nxe7 $18) 25. Qe4 $1 Qxh6+ 26. Kb1 Ra7 {The pieces of the defender are badly scatered on the board with no common purpose. The final execution of White's attack will be brutal and impressive.} (26... Rxd4 27. Rxd4 Rb8 28. Qe5 Ra8 29. Qd5 Rb8 30. Qd8+ $1 Nf8 (30... Bxd8 31. Rxd8+ Nf8 32. e7+ $18) 31. Qxe7 $18) 27. Nf5 Rxd1+ 28. Rxd1 Qf6 29. Rd7 $1 {Chess beauty on the highest level and a modern form of small combination!} Bxd7 30. exd7+ Kf8 {The choice for the defender is not always so deeply rotten as in this moment. At least both ways of going down have undeniable charm...} (30... Kh8 31. Nxe7 Rxd7 32. Qa8+ Nf8 33. Qxf8+ $1 Qxf8 34. Ng6+ Kh7 35. Nxf8+ $18) 31. Qd5 1-0

[Event "Moscow Tal Memorial 4th"]
[Site "Moscow"]
[Date "2009.11.14"]
[Round "9"]
[White "Leko, Peter"]
[Black "Carlsen, Magnus"]
[Result "0-1"]
[WhiteElo "2752"]
[BlackElo "2801"]
[Annotator "Ftacnik,Lubomir"]
[PlyCount "118"]
[EventDate "2009.11.05"]
[EventType "tourn"]
[EventRounds "9"]
[EventCountry "RUS"]
[EventCategory "21"]
[SourceTitle "CBM 133"]
[Source "ChessBase"]
[SourceDate "2009.11.19"]
[SourceVersion "1"]
[SourceVersionDate "2009.11.19"]
[SourceQuality "1"]

1. e4 {Marin,M} c5 2. Nf3 d6 3. d4 cxd4 4. Nxd4 Nf6 5. Nc3 a6 6. Be3 Ng4 {Modern chess sometimes sports most illogical ideas. Black is moving the only developed piece with a tall ambition to spoil the planned English attack set up of the opponent.} 7. Bg5 h6 8. Bh4 g5 9. Bg3 Bg7 10. h3 Nf6 11. Qf3 Qb6 12. O-O-O Nc6 13. Nxc6 Qxc6 14. Be2 ({RR} 14. e5 Qxf3 15. gxf3 dxe5 16. Bxe5 Bd7 17. Nd5 Nxd5 18. Bxg7 Rh7 19. Be5 f6 20. Rxd5 Bc6 21. Rd3 fxe5 22. h4 gxh4 23. Rxh4 Rd8 24. Re3 Rd6 25. Rxe5 Rg7 26. Bd3 Rg2 27. Reh5 {½-½ (27) Shirov,A (2751)-Kasparov,G (2851) Sarajevo 2000}) 14... Qc5 15. Rhe1 {White is still looking for the way of "refuting" Black's provocative concept. The general mobilaization of the pieces towards the center can hardly spoil anything.} g4 $146 {Marin,M: 'Played partly in accordance with Nimzovitsch' postulate that any mobile pawn formation that does not advance is likely to become a weakness. However, in this case it would be desirable to play ...h5 and ...g4, since the operation carried out in the game leaves the kingside weakened anyway.'} (15... Nd7 16. Nd5 Ne5 17. Qb3 b5 18. f4 Nc4 19. Bxc4 bxc4 20. Qf3 $16 {1-0 Rytshagov,M (2490)-Kulaots,K (2510)/Estonia 2003 (30)}) (15... Be6 16. e5 dxe5 17. Bd3 e4 18. Nxe4 Nxe4 19. Qxe4 O-O-O 20. a3 Rd5 21. Qb4 Rhd8 22. Qxc5+ Rxc5 $11 {½-½ Lutz,C (2640)-Polgar,J (2715)/Budapest 2003 (25)}) ({RR} 15... Be6 16. e5 dxe5 17. Bd3 e4 18. Nxe4 Nxe4 19. Qxe4 O-O-O 20. a3 Rd5 21. Qb4 Rhd8 22. Qxc5+ Rxc5 23. Be2 Bf5 24. c3 Rd7 25. Bg4 Bxg4 {½-½ (25) Lutz,C (2640)-Polgar,J (2715) Budapest 2003}) ({RR} 15... Be6 16. e5 dxe5 17. Bd3 O-O 18. Bxe5 b5 19. Bxf6 Bxf6 20. Ne4 Qe5 21. Nxf6+ Qxf6 22. Qxf6 exf6 23. Be4 Ra7 24. Rd6 Kg7 25. Bd5 Bf5 26. c3 Rc8 27. Kd2 h5 28. Re3 h4 29. b3 a5 30. a3 {Nisipeanu,L (2678)-Hoffmann,M (2506) Caleta 2011 ½-½ (44)}) 16. hxg4 Bxg4 17. Qd3 Be6 {Carlsen must take care about his pieces, as the careless exchange of the bishops would seriously enhance White's chances.} (17... Bxe2 $6 18. Nxe2 Ng4 19. Qf3 Rg8 20. Kb1 Bf6 21. c3 $16) 18. e5 {'!' Marin,M.} (18. Bf3 Ng4 19. Nd5 Ne5 20. Qb3 Nxf3 21. gxf3 (21. Qxf3 h5 $14) 21... b5 22. Bh4 Ra7 23. Rg1 $14) 18... dxe5 19. Bf3 e4 $1 {A fine defensive move and a true proverbial spanner in the works of otherwise perfectly coordinated Leko's forces.} (19... O-O 20. Rxe5 Qb6 21. Na4 Qb4 22. Nc5 Bxa2 23. Bxb7 $16) 20. Nxe4 Nxe4 21. Rxe4 (21. Bxe4 O-O 22. c3 Rac8 23. Kb1 $14) 21... O-O {Marin,M: 'The black king's position looks unsafe, but in fact his bishops are targetting the enemy king, while the white bishop concentrate on an almost empty wing. '} 22. Qe3 {The Hungarian super grandmaster is a perfectionist in the openings, but not your typical courageous attacker in most positions. Yet even he must have been intrigued by the dangerous exchange sacrifice on e6 with very interesting chances.} (22. Rxe6 $5 {Marin,M: 'deserves serious attention, but does not seem to be in Leko's cautious style.'} fxe6 23. Qb3 Kh8 24. Qxe6 Rac8 25. Be4 (25. c3 Bxc3 26. Qxh6+ Kg8 27. Bd5+ Qxd5 28. Qxf8+ Kxf8 29. Rxd5 Be5+ 30. Kb1 Bxg3 31. fxg3 Kf7 $11) 25... Qg5+ 26. Kb1 Rcd8 $13) 22... Rac8 23. Qxc5 (23. c3 Qxe3+ 24. Rxe3 b5 25. a3 $14) 23... Rxc5 24. Bg4 $6 {The meek exchange of the bishops is kissing all chances of playing for an advantage good bye. It must have been preferable to keep the active pair of bishops shooting against Black's queenside.} (24. Ra4 Rb5 25. c3 Bf6 $14) 24... Bxg4 25. Rxg4 f5 26. Rb4 (26. Rg6 f4 27. Bh4 Rfc8 28. c3 Kf7 29. Rb6 Rh5 30. g3 Rc7 $11) 26... b5 27. a4 Rfc8 {Carlsen has made his name as one of the players with best technique in the world. The position is objectively equal, but he is doing his best to put pressure on his opponent.} (27... Kf7 28. c3 Be5 $11) 28. c3 Rc4 29. Rxc4 Rxc4 30. axb5 axb5 31. Rd8+ (31. Rd5 f4 32. Bh2 b4 33. Kd2 bxc3+ 34. bxc3 $11) 31... Kh7 $1 {It takes an open mind to admit, that sometimes even the passive looking retreat can be stronger than automatic centralization.} (31... Kf7 32. Rd5 $1 b4 33. Rxf5+ Kg6 34. Rf4 Rxf4 35. Bxf4 bxc3 36. b4 Kf5 37. Be3 h5 38. Kc2 Ke4 39. b5 Kd5 40. Kd3 $14) 32. Rd7 Rg4 $1 33. Bb8 (33. Rxe7 f4 34. Bh2 Rh4 35. Bg1 Rg4 36. f3 Rxg2 37. Bd4 h5 38. Rf7 Kg8 39. Rf5 Bxd4 40. cxd4 $11) 33... Rxg2 34. Rxe7 Kg6 35. Bg3 (35. Re6+ Kf7 36. Rb6 Rxf2 37. Rxb5 Kg6 38. Rb6+ Kg5 39. Rb7 Bf6 $15) 35... h5 36. Kd1 $2 {[%mdl 4096] On the highest chess level there is only one true way to win the game - put pressure against your opponent! The best and brighest are sometimes crumbling under the unpleasant strain.} (36. Rb7 f4 (36... Bh6+ 37. Kd1 f4 38. Rb6+ Kh7 39. Rb7+ $11) 37. Bxf4 Rxf2 38. Rb6+ Bf6 39. Bg3 Rf5 40. Bh4 Rf4 41. Bg3 $11) 36... Bf6 37. Re6 Kf7 38. Re3 $2 {Bad as Leko's position has become it might not have been beyond hope. This nervous move is surely a losing mistake.} (38. Re2 $1 h4 39. Bc7 h3 $17) 38... h4 39. Bc7 Rxf2 40. b3 Rf1+ (40... f4 41. Rd3 Ke6 42. Ke1 Rc2 43. Bxf4 Rxc3 $19) 41. Ke2 Rc1 42. c4 {The good advice became a commodity, that White can not value enough. Parting with the second pawn looks like an act of a pure desperation...} (42. Kd2 Bg5 43. Kxc1 Bxe3+ $19) (42. Ba5 Kg6 43. Rf3 Ra1 44. Bb6 Ra3 45. c4 h3 $19) 42... bxc4 43. bxc4 Rxc4 44. Bb8 Rc2+ 45. Kf1 Kg6 46. Re2 Rc8 47. Bd6 Rc6 48. Be7 {We all know, that the rook endgame with f- and h-pawn might be defendable for the weaker side. Unfortunately not in the case, when the king is cut on the first rank.} (48. Bb8 h3 49. Kf2 Kg5 $19) 48... Bxe7 49. Rxe7 Rc2 $1 50. Re3 Kg5 51. Kg1 Kg4 52. Ra3 f4 53. Ra8 Rd2 54. Ra7 Kg3 55. Rg7+ Kf3 56. Ra7 Rd1+ 57. Kh2 Ke2 58. Kh3 f3 59. Ra2+ (59. Re7+ Kf1 60. Kxh4 f2 $19) 59... Rd2 {White has decided, that admitting defeat is not going to hurt him at all.} (59... Rd2 60. Ra8 f2 61. Re8+ Kf1 62. Kh2 Re2 63. Ra8 Re4 64. Kh3 Ke2 65. Ra2+ Kf3 66. Ra3+ Re3 67. Ra1 f1=Q+ 68. Rxf1+ Ke2+ $19) 0-1